Central Library OPAC University of Rajshahi
Normal view MARC view

Entry Personal Name

Number of records used in: 3

001 - CONTROL NUMBER

  • control field: 11392

003 - CONTROL NUMBER IDENTIFIER

  • control field: BD-RjUL

005 - DATE AND TIME OF LATEST TRANSACTION

  • control field: 20240204093152.0

008 - FIXED-LENGTH DATA ELEMENTS

  • fixed length control field: 240204|| aca||aabn | a|a d

040 ## - CATALOGING SOURCE

  • Original cataloging agency: BD-RjUL
  • Transcribing agency: BD-RjUL

100 ## - HEADING--PERSONAL NAME

  • Personal name: گنجوي, محمد بخش ابن محمد عظيم نظامي ;; Ganjavi, Muhammad Bakhsh Ibn Muhammad Azim Nizami
  • Dates associated with a name: [1256 ه؟, 1840

670 ## - SOURCE DATA FOUND

  • Source citation: Work cat.: (BD-RjUL)82925: گنجوي, محمد بخش ابن محمد عظيم نظامي ;; Ganjavi, Muhammad Bakhsh Ibn Muhammad Azim Nizami [1256 ه؟, 1840, سکندر نامه برى] / Sikandarʻnāmah-i barrī, /, 1923